Statistiken für Alle Länder Ozeaniens der Größe nach

Klicken Sie hier um das Quiz zu spielen!

Allgemein

  • Dieses Quiz wurde 95 mal gespielt
    (71 seit der letzten Aktualisierung)
  • Das Durchschnittsergebnis liegt bei 11 aus 14

Antwortstatistiken

FlächeLand% Korrekt
7.682.300 km²Australien
98%
462.840 km²Papua-Neuguinea
94%
270.686 km²Neuseeland
93%
28.360 km²Salomonen
78%
18.374 km²Fidschi
76%
21 km²Nauru
72%
2.831 km²Samoa
72%
12.190 km²Vanuatu
72%
811 km²Kiribati
70%
181 km²Marshallinseln
69%
702 km²Föderierte Staaten
von Mikronesien
67%
501 km²Palau
65%
750 km²Tonga
65%
26 km²Tuvalu
59%

Verteilung der Resultate

Perzentil nach korrekt beantworteten Fragen

Anzahl Personen mit jedem Resultat

Ihre Resultats-Entwicklung

Sie haben dieses Quiz seit der letzten Aktualisierung nicht gespielt